Statistics for Guess the country by the fact

Click here to take the quiz!

General Stats

  • This quiz has been taken 41 times
  • The average score is 12 of 25

Answer Stats

FactAnswer% Correct
Most populated country in the worldIndia
93%
Most visited country in the worldFrance
90%
Only Country that started with letter QQatar
83%
The country with the largest coffee productionBrazil
80%
The Modern Country in Soviet Union where stalin was bornGeorgia
77%
The only communist country in North AmericaCuba
70%
Country that has the largest IslandDenmark
63%
Largest landlocked country in the worldKazakhstan
50%
Most Hindu country in the worldNepal
50%
Countries with most islandSweden
50%
Country with Most lake in the earthCanada
47%
This is a country where french fries is inventedBelgium
43%
Hottest country in EuropeMalta
43%
The only Islam Countries that has NukePakistan
40%
Dubbed the North korea of Central asiaTurkmenistan
40%
This country invade Costa rica in 1955Nicaragua
37%
Country that 100% of the population is muslimMaldives
33%
This country accidentlly invade liechtensteinSwitzerland
33%
Biggest enclave countries in the worldLesotho
30%
Country that has the biggest Flower in the worldIndonesia
23%
Most bombed country in the worldLaos
23%
Has the weakest CurrencyIran
20%
Most polluted country in africaChad
17%
This countries has the oldest lake in EuropeNorth Macedonia/Macedonia
17%
Has the Narrowest house in the worldPoland
10%

Score Distribution

Percentile by Number Answered

Percent of People with Each Score

Your Score History

You have not taken this quiz